000 00931nas a2200289 4500
001 BR0806041
003 BR-BrBNA
005 20231205112053.0
007 ta
008 230509b bl.|||p| |||| 00| 00por d
040 _aBR-BrBNA
_bpor
_cBiblioteca Nacional de Agricultura
041 _a(Pt)
072 _aL10
100 1 _aBaldi, F..
100 1 _aAlencar, M.M. de
100 1 _aFreitas, A.R. de
100 1 _aBarbosa, R.T.
245 1 _aParâmetros genéticos para características de tamanho e condição corporal, eficiência reprodutiva e longevidade em fêmeas da raça chancim
650 _aGADO DE CORTE
650 _aPARÂMETRO GENÉTICO
650 _aPESO
650 _aTAMANHO
650 _aEFICIÊNCIA REPRODUTIVA
773 0 _tRevista Brasileira de Zootecnia (Brazil)
_xISSN 1516-3598
_g(Feb 2008), v. 37(2) p. 247-253
_wBR0806041
909 _a202311
_bLúcia
_c55
_dLúcia Elande
942 _2AGRIS
_n0
_cANA
999 _c195935
_d195935